Fertilizacion en frutales ; Comportamiento de cultivares de duraznero y pelones en Uruguay /

Bibliographic Details
Main Author: Tálice, Rodolfo V.
Corporate Author: Centro de Investigaciones Agrícolas "Alberto Boerger."
Other Authors: Borsani, Omar, Nicolini, Hugo
Format: Book
Language:Spanish
Published: [Montevideo?] : Republica Oriental del Uruguay, Ministerio de agricultura y Pesca, Centro de Investigaciones Agricolas "Alberto Boerger", Estacion Experimental Granjera "Las Brujas", 1981.
Series:Miscelánea (Centro de Investigaciones Agrícolas "Alberto Boerger") ; no. 34.
Subjects:

MARC

Tag First Indicator Second Indicator Subfields
LEADER 00000cam a2200000Ia 4500
001 in00001032200
005 20150929082556.0
008 000128s1981 uy b f000 0 spa d
035 |a (OCoLC)43362557 
035 |9 AFJ6187AM 
040 |a TXA  |c TXA  |d UtOrBLW 
043 |a s-uy--- 
049 |a TXAM 
090 |a SB371  |b .T35 1981 
100 1 |a Tálice, Rodolfo V. 
245 1 0 |a Fertilizacion en frutales ; Comportamiento de cultivares de duraznero y pelones en Uruguay /  |c Rodolfo Talice ; Rodolfo Talice, Omar Borsani, Hugo Nicolini. 
246 3 0 |a Comportamiento de cultivares de duraznero y pelones en Uruguay 
264 1 |a [Montevideo?] :  |b Republica Oriental del Uruguay, Ministerio de agricultura y Pesca, Centro de Investigaciones Agricolas "Alberto Boerger", Estacion Experimental Granjera "Las Brujas",  |c 1981. 
300 |a 31 leaves ;  |c 28 cm. 
336 |a text  |b txt  |2 rdacontent 
337 |a unmediated  |b n  |2 rdamedia 
338 |a volume  |b nc  |2 rdacarrier 
490 1 |a Miscelánea ;  |v 34 
500 |a "Diciembre, 1981." 
504 |a Includes bibliographical references. 
650 0 |a Fruit trees  |z Uruguay. 
650 0 |a Peaches  |z Uruguay. 
650 0 |a Nectarine  |z Uruguay. 
700 1 |a Borsani, Omar. 
700 1 |a Nicolini, Hugo. 
710 2 |a Centro de Investigaciones Agrícolas "Alberto Boerger." 
830 0 |a Miscelánea (Centro de Investigaciones Agrícolas "Alberto Boerger") ;  |v no. 34. 
948 |a cataloged  |b h  |c 2000/1/28  |d o  |e jspillan  |f 1:38:13 pm 
994 |a E0  |b TXA 
999 |a MARS 
999 f f |s 42154b8e-2313-358e-82f4-a0d2f24ae72e  |i 6d27c99e-3250-3c63-9f51-9378247e3c13  |t 0 
952 f f |p normal  |a Texas A&M University  |b College Station  |c Business Library & Collaboration Commons  |d West Campus Library: Stacks  |t 0  |e SB371 .T35 1981  |h Library of Congress classification  |i unmediated -- volume  |m A14825595213 
998 f f |a SB371 .T35 1981  |t 0  |l West Campus Library: Stacks